00000000cam 2200000zi 4500
0019.958090
003CaOODSP
00520251209133041
006m     o  d f      
007cr |n|||||||||
008251209e20251208onc     ob   f000 0 fre d
040 |aCaOODSP|bfre|erda|cCaOODSP
043 |an-cn---
0861 |aH113-9/2025-17F-PDF
24500|aAcaricide Nealta contenant du cyflumétofène.
264 1|aOttawa (Ontario) : |bSanté Canada = Health Canada, |c8 décembre 2025.
264 4|c©2025
300 |a1 ressource en ligne (19 pages).
336 |atexte|btxt|2rdacontent/fre
337 |ainformatique|bc|2rdamedia/fre
338 |aressource en ligne|bcr|2rdacarrier/fre
4901 |aProjet de décision d'homologation, |x1925-0908 ; |vPRD2025-17
500 |aPublié aussi en anglais sous le titre : Nealta miticide, containing cyflumetofen.
500 |a« Ce document est publié par l'Agence de réglementation de la lutte antiparasitaire de Santé Canada. »
504 |aComprend des références bibliographiques.
650 6|aAcaricides|xCertification|zCanada.
650 6|aAcaricides|xÉvaluation du risque|zCanada.
650 6|aAcaricides|xAspect sanitaire.
650 6|aAcaricides|xAspect de l'environnement.
650 6|aAcaricides|xToxicologie.
7101 |aCanada. |bAgence de réglementation de la lutte antiparasitaire, |eorganisme de publication.
77508|tNealta miticide, containing cyflumetofen.|w(CaOODSP)9.958089
830#0|aProjet de décision d'homologation ;|vPRD2025-17.|w(CaOODSP)9.500882
85640|qPDF|s463 Ko|uhttps://publications.gc.ca/collections/collection_2025/sc-hc/h113-9/H113-9-2025-17-fra.pdf
8564 |qHTML|sS.O.|uhttps://www.canada.ca/fr/sante-canada/services/securite-produits-consommation/pesticides-lutte-antiparasitaire/public/consultations/projets-decision-homologation/2025/acaricide-nealta-contenant-cyflumetofene/document.html